| 000 | 00422nam a2200133Ia 4500 | ||
|---|---|---|---|
| 008 | 220620s9999||||xx |||||||||||||| ||und|| | ||
| 100 | _aAiken, Mary | ||
| 245 | 0 | _aLife in Cyberspace (Volume 5) | |
| 546 | _aEnglish[eng] | ||
| 650 | _aBusiness & Economics||Finance||General | ||
| 700 | _aInvestment Bank, European | ||
| 856 | _uhttps://library.oapen.org/bitstream/20.500.12657/43397/1/external_content.epub | ||
| 942 | _cEB | ||
| 999 |
_c33315 _d33315 |
||